Normal view
MARC view
- الحكم العثماني لفلسطين 517-918م -تاريخ فلسطين
Entry Topical Term
001 - CONTROL NUMBER
- control field: 48139
003 - CONTROL NUMBER IDENTIFIER
- control field: JO-AjAnu
005 - DATE AND TIME OF LATEST TRANSACTION
- control field: 20230606081936.0
008 - FIXED-LENGTH DATA ELEMENTS
- fixed length control field: 230606|| aca||aabn | a|a d
040 ## - CATALOGING SOURCE
- Original cataloging agency: JO-AjAnu
- Transcribing agency: JO-AjAnu
150 ## - HEADING--TOPICAL TERM
- Topical term or geographic name entry element: الحكم العثماني لفلسطين 517-918م -تاريخ فلسطين
670 ## - SOURCE DATA FOUND
- Source citation: Work cat.: (JO-AjAnu)24629: اللوباني، عيسى ابراهيم, author 48138, صفحات مطوية في التاريخ